<?xml version="1.0" encoding="UTF-8"?>
<record
    xmlns:xsi="http://www.w3.org/2001/XMLSchema-instance"
    xsi:schemaLocation="http://www.loc.gov/MARC21/slim http://www.loc.gov/standards/marcxml/schema/MARC21slim.xsd"
    xmlns="http://www.loc.gov/MARC21/slim">

  <leader>00627nam a2200229 a 4500</leader>
  <controlfield tag="001">52203</controlfield>
  <controlfield tag="003">BD-RJUL</controlfield>
  <controlfield tag="005">20211209075752.0</controlfield>
  <controlfield tag="008">160906s1951    sy            000 0 und d</controlfield>
  <datafield tag="035" ind1=" " ind2=" ">
    <subfield code="a">(BD-RJUL)52323</subfield>
  </datafield>
  <datafield tag="040" ind1=" " ind2=" ">
    <subfield code="a">EQO</subfield>
    <subfield code="c">EQO</subfield>
    <subfield code="b">eng</subfield>
    <subfield code="d">BD-RJUL</subfield>
  </datafield>
  <datafield tag="041" ind1=" " ind2=" ">
    <subfield code="a">eng</subfield>
  </datafield>
  <datafield tag="082" ind1=" " ind2=" ">
    <subfield code="2">23</subfield>
    <subfield code="a">531</subfield>
    <subfield code="b">BUI 1951</subfield>
  </datafield>
  <datafield tag="100" ind1="1" ind2="0">
    <subfield code="a">Bullen, K. E.</subfield>
    <subfield code="d">1906-.</subfield>
    <subfield code="9">156149</subfield>
  </datafield>
  <datafield tag="245" ind1="1" ind2="3">
    <subfield code="a">An introduction to the theory of mechanics /</subfield>
    <subfield code="c">K. E. Bullen</subfield>
  </datafield>
  <datafield tag="250" ind1=" " ind2=" ">
    <subfield code="a">2nd ed.</subfield>
  </datafield>
  <datafield tag="260" ind1=" " ind2=" ">
    <subfield code="a">Science press :</subfield>
    <subfield code="b">Sydney,</subfield>
    <subfield code="c">1951</subfield>
  </datafield>
  <datafield tag="300" ind1=" " ind2=" ">
    <subfield code="a">xvi, 368 p. :</subfield>
    <subfield code="b">ill . ;</subfield>
    <subfield code="c">24 cm.</subfield>
  </datafield>
  <datafield tag="500" ind1=" " ind2=" ">
    <subfield code="a">Include index</subfield>
  </datafield>
  <datafield tag="650" ind1=" " ind2=" ">
    <subfield code="a">Mechanics.</subfield>
    <subfield code="9">156150</subfield>
  </datafield>
  <datafield tag="942" ind1=" " ind2=" ">
    <subfield code="2">ddc</subfield>
    <subfield code="c">BK</subfield>
  </datafield>
  <datafield tag="999" ind1=" " ind2=" ">
    <subfield code="c">52203</subfield>
    <subfield code="d">52203</subfield>
  </datafield>
  <datafield tag="952" ind1=" " ind2=" ">
    <subfield code="0">0</subfield>
    <subfield code="1">0</subfield>
    <subfield code="2">ddc</subfield>
    <subfield code="4">0</subfield>
    <subfield code="7">0</subfield>
    <subfield code="8">NFIC</subfield>
    <subfield code="a">RUCL</subfield>
    <subfield code="b">RUCL</subfield>
    <subfield code="c">Stack</subfield>
    <subfield code="d">1966-01-13</subfield>
    <subfield code="e">Zeitlinger</subfield>
    <subfield code="l">0</subfield>
    <subfield code="o">531 BUI 1951</subfield>
    <subfield code="r">2016-09-06 00:00:00</subfield>
    <subfield code="t">C-2</subfield>
    <subfield code="w">2016-09-06</subfield>
    <subfield code="y">BK</subfield>
  </datafield>
  <datafield tag="952" ind1=" " ind2=" ">
    <subfield code="0">0</subfield>
    <subfield code="1">0</subfield>
    <subfield code="2">ddc</subfield>
    <subfield code="4">0</subfield>
    <subfield code="7">0</subfield>
    <subfield code="8">NFIC</subfield>
    <subfield code="a">RUCL</subfield>
    <subfield code="b">RUCL</subfield>
    <subfield code="c">Stack</subfield>
    <subfield code="d">1966-04-22</subfield>
    <subfield code="e">Common Wealth Awstralia</subfield>
    <subfield code="l">0</subfield>
    <subfield code="o">531 BUI 1951</subfield>
    <subfield code="r">2016-09-19 00:00:00</subfield>
    <subfield code="t">C-3</subfield>
    <subfield code="w">2016-09-19</subfield>
    <subfield code="y">BK</subfield>
  </datafield>
  <datafield tag="952" ind1=" " ind2=" ">
    <subfield code="0">0</subfield>
    <subfield code="1">0</subfield>
    <subfield code="2">ddc</subfield>
    <subfield code="4">0</subfield>
    <subfield code="7">1</subfield>
    <subfield code="8">NFIC</subfield>
    <subfield code="a">RUCL</subfield>
    <subfield code="b">RUCL</subfield>
    <subfield code="c">Reading</subfield>
    <subfield code="d">1956-01-26</subfield>
    <subfield code="e">Simkin Marshall Ltd.</subfield>
    <subfield code="g">1.50</subfield>
    <subfield code="l">0</subfield>
    <subfield code="o">531 BUI 1951</subfield>
    <subfield code="r">2017-04-09 00:00:00</subfield>
    <subfield code="t">C-1</subfield>
    <subfield code="w">2017-04-09</subfield>
    <subfield code="y">BK</subfield>
  </datafield>
</record>
